[Event "Mittelfrank Regionalliga Nord-Ost 2223"]
[Site "Mittelfranken"]
[Date "2022.10.09"]
[Round "1.3"]
[White "Uphoff, Lennart"]
[Black "Bachhuber, Dominik"]
[Result "0-1"]
[WhiteElo "2171"]
[BlackElo "1992"]
[PlyCount "84"]
[EventDate "2022.10.09"]
[EventType "team-tourn"]
[EventRounds "9"]
[EventCountry "GER"]
[SourceTitle "EXT 2024"]
[Source "ChessBase"]
[SourceDate "2023.10.10"]
[SourceVersion "1"]
[SourceVersionDate "2023.10.10"]
[SourceQuality "1"]
[WhiteTeam "Regensburg Bavaria II"]
[BlackTeam "Nuernberg Jaeklechemie"]
[WhiteTeamCountry "GER"]
[BlackTeamCountry "GER"]

1. d4 Nf6 2. c4 g6 3. Nc3 Bg7 4. e4 d6 5. Nf3 0-0 6. Be2 Nbd7 7. 0-0 e5 8. d5 Nc5 9. Qc2 a5 10. b3 Bd7 11. a3 a4 12. b4 Nb3 13. Rb1 Nh5 14. Be3 f5 15. exf5 gxf5 16. Nd2 f4 17. Bxh5 fxe3 18. Nxb3 axb3 19. Rxb3 Qh4 20. Qe2 Rxf2 21. Rxf2 exf2+ 22. Kf1 Qxh2 23. Kxf2 Bf6 24. Ne4 Bh4+ 25. Ke3 Qf4+ 26. Kd3 Bf5 27. Bf3 Qc1 28. Qd2 Qf1+ 29. Qe2 Qg1 30. Qe3 Qa1 31. Qh6 Qd4+ 32. Ke2 Bxe4 33. Bxe4 Qxe4+ 34. Re3 Qc2+ 35. Kf3 Rf8+ 36. Kg4 Rf4+ 37. Kh3 Qf5+ 38. Kh2 Rxc4 39. Rf3 Rf4 40. Rxf4 Qxf4+ 41. Qxf4 exf4 42. Kh3 Be1 0-1

[Event "Wunsiedel op 12th"]
[Site "Wunsiedel"]
[Date "2018.05.19"]
[Round "4"]
[White "Uphoff, Lennart"]
[Black "Hess, Max"]
[Result "0-1"]
[WhiteElo "2073"]
[BlackElo "2334"]
[PlyCount "42"]
[EventDate "2018.05.17"]
[EventType "swiss"]
[EventRounds "9"]
[EventCountry "GER"]
[SourceTitle "CBM 184 Extra"]
[Source "ChessBase"]
[SourceDate "2018.06.28"]
[SourceVersion "1"]
[SourceVersionDate "2018.06.28"]
[SourceQuality "1"]

1. d4 Nf6 2. c4 d6 3. Nc3 Nbd7 4. e4 e5 5. d5 g6 6. Be3 Bg7 7. f3 Nh5 8. Nge2 f5 9. g4 fxg4 10. fxg4 Qh4+ 11. Ng3 Nxg3 12. Bf2 Nf6 13. Bxg3 Qxg4 14. Be2 Qd7 15. 0-0 0-0 16. Bh4 Qh3 17. Bxf6 Bxf6 18. Rf3 Qh4 19. Nb5 Bg4 20. Rxf6 Rxf6 21. Bxg4 Rf2 0-1

[Event "Oberpfalz-ch M2"]
[Site "Schwandorf"]
[Date "2015.03.31"]
[Round "8"]
[White "Uphoff, Lennart"]
[Black "Gogeissl, Christian"]
[Result "1/2-1/2"]
[WhiteElo "1680"]
[BlackElo "1773"]
[PlyCount "110"]
[EventDate "2015.03.28"]
[EventType "swiss"]
[EventRounds "8"]
[EventCountry "GER"]
[SourceTitle "EXT 2022"]
[Source "ChessBase"]
[SourceDate "2021.10.06"]
[SourceVersion "1"]
[SourceVersionDate "2021.10.06"]
[SourceQuality "1"]

1. d4 Nf6 2. c4 e6 3. Nc3 Bb4 4. Nf3 0-0 5. Qc2 d5 6. a3 Bxc3+ 7. bxc3 b6 8. Bg5 Nbd7 9. g3 h6 10. Bf4 Bb7 11. h4 Re8 12. Bg2 dxc4 13. 0-0 Ng4 14. Rfe1 e5 15. Bd2 e4 16. Nh2 Ngf6 17. e3 c5 18. a4 Bd5 19. Reb1 Qc7 20. a5 Reb8 21. Be1 b5 22. f3 exf3 23. Bxf3 Qc6 24. Bxd5 Qxd5 25. Nf1 a6 26. Nd2 Re8 27. Bf2 Ng4 28. e4 Qd6 29. Nf3 Nxf2 30. Kxf2 Nf6 31. Re1 Ng4+ 32. Kg2 cxd4 33. Nxd4 Rad8 34. Re2 Ne5 35. Nf5 Qc7 36. Ne3 Nd3 37. Nd5 Qe5 38. Rf1 Rxd5 39. Rf5 Qxe4+ 40. Rxe4 Rxe4 41. Rf1 Ne1+ 42. Rxe1 Rxe1 43. Qf2 Re6 44. Qa7 Rd3 45. Qa8+ Kh7 46. Qb7 Ree3 47. Qxa6 Rxg3+ 48. Kf2 Rgf3+ 49. Ke2 Rf5 50. Qc8 Re5+ 51. Kf1 Rf3+ 52. Kg2 Rxc3 53. a6 Re2+ 54. Kf1 Ra2 55. Qf5+ Kg8 1/2-1/2

[Event "Oberpfalz-ch M2"]
[Site "Schwandorf"]
[Date "2015.03.28"]
[Round "1"]
[White "Uphoff, Lennart"]
[Black "Brunner, Tobias"]
[Result "1-0"]
[WhiteElo "1680"]
[BlackElo "1462"]
[PlyCount "39"]
[EventDate "2015.03.28"]
[EventType "swiss"]
[EventRounds "8"]
[EventCountry "GER"]
[SourceTitle "EXT 2022"]
[Source "ChessBase"]
[SourceDate "2021.10.06"]
[SourceVersion "1"]
[SourceVersionDate "2021.10.06"]
[SourceQuality "1"]

1. d4 d5 2. c4 Nf6 3. Nc3 c6 4. Nf3 dxc4 5. e3 Bf5 6. Bxc4 e6 7. 0-0 Bd6 8. Re1 Bg4 9. h3 Bh5 10. e4 Bb4 11. a3 Ba5 12. b4 Bb6 13. e5 Bxf3 14. Qxf3 Nd5 15. Nxd5 exd5 16. e6 Qf6 17. exf7+ Kxf7 18. Qh5+ g6 19. Bxd5+ cxd5 20. Qxd5+ 1-0